Study of Employee Motivation in Panomac Company (Record no. 359455)

MARC details
000 -LEADER
fixed length control field 00405nam a22001457a 4500
005 - DATE AND TIME OF LATEST TRANSACTION
control field 20240812142446.0
008 - FIXED-LENGTH DATA ELEMENTS--GENERAL INFORMATION
fixed length control field 240812b |||||||| |||| 00| 0 eng d
041 ## - LANGUAGE CODE
Language code of text/sound track or separate title eng
082 ## - DEWEY DECIMAL CLASSIFICATION NUMBER
Item number SAP
100 ## - MAIN ENTRY--PERSONAL NAME
Author Sapkal Vaishnavi- 2K221124 & Dr. Sneha Arekar– Guide
245 ## - TITLE STATEMENT
Title Study of Employee Motivation in Panomac Company
260 ## - PUBLICATION, DISTRIBUTION, ETC.
Place of publication, distribution, etc. Pune
Name of publisher, distributor, etc. SPPU
Date of publication, distribution, etc. March-2024
300 ## - PHYSICAL DESCRIPTION
Extent 48p
942 ## - ADDED ENTRY ELEMENTS (KOHA)
Koha item type Project Reports
Holdings
Withdrawn status Lost status Source of classification or shelving scheme Damaged status Not for loan Home library Current library Date acquired Vendor Total Checkouts Full call number Barcode Date last seen Bill Date Koha item type Original Barcode
    Dewey Decimal Classification     Smt. Hiraben Nanavati Institute of Management & Research for Women Smt. Hiraben Nanavati Institute of Management & Research for Women 28/03/2024 HNIMR   SAP HIMR-PR-807 12/08/2024 12/08/2024 Project Reports PR0807